000
00307nam a2200121Ia 4500
008
190216s9999||||xx |||||||||||||| ||und||
100
_a
Charity And Hajj Duties Of The Community
245
4
_a
The Book Of Islam
260
_b
"Kitab Bhavan, New Delhi-2"
_c
1977
300
_a
63p
650
_a
Arabic
942
_c
BK
999
_c
234
_d
234